000 00794nam a2200241 i 4500
001 bg
245 0 0 _aPolityka społeczna i gospodarcza /
_c[red.nauk. Andrzej Barteczek].
260 _aKatowice :
_bAE,
_c1998.
300 _a201 s. ;
_c21 cm.
490 1 _aStudia Ekonomiczne / Akademia Ekonomiczna im. Karola Adamieckiego ;
_v1
504 _aBibliogr. przy art.
650 9 _aPolityka społeczna
_xzagadnienia
_zPolska
650 9 _aGospodarka
_xpolityka
_xzagadnienia
_zPolska
700 1 _aBARTECZEK, Andrzej.
_eRed.
830 0 _aStudia Ekonomiczne (Akademia Ekonomiczna im. Karola Adamieckiego) ;
_v1
020 _a8387265047
040 _cBPK
041 0 _apl
080 _a304:338.22](438)
920 _a83-87265-04-7
942 _cKS
008 s pl f |000 0 pol
999 _c36181
_d36181
856 _uhttp://koha.tu.koszalin.pl/cgi-bin/koha/opac-detail.pl?biblionumber=36181
_yKatalog online BPK